All Lovejoy Songs (are you alright, pebble brain) - Statistics

General Stats
  • This quiz has been taken 516 times
  • The average score is 8 of 11
Answer Stats
Hint Answer % Correct
Said I'd understand when you're older You'll Understand When You're Older
88%
And stop! Cuz why you'd have to kill my cat? One Day
86%
I lost the passion that comes with living It's All Futile! It's All Pointless!
83%
It's 3:45 Perfume
76%
You got the same eyes as your father Oh Yeah, You Gonna Cry?
71%
She's always asking am I alright Taunt
68%
You think he'd realise Sex Sells
67%
Under the weight of a broken nose The Fall
65%
I'm sure that your heart's in the right place Model Buses
59%
So what's it to you? Cause For Concern
55%
Any more words? I think you've spoke enough Concrete
52%
No matching quizzes found
Score Distribution
Percent of People with Each Score
Percentile by Number Answered
Your Score History
You have not taken this quiz